| 000 | 00954nam a2200229 a 4500 | ||
|---|---|---|---|
| 005 | 20260402104742.0 | ||
| 008 | 260203m1936 enk ||||r|||| 00| 0 eng d | ||
| 040 |
_aAM-YEHGA _cAM-YEHGA |
||
| 041 | 1 | _aeng | |
| 100 | 0 | _aPlutarch | |
| 245 | 1 | 0 |
_aPlutarch's Moralia / _cwith an English translation by Frank Cole Babbitt, Harold NorthFowler ... in fifteen volumes ... |
| 250 | _aReprinted 1957 | ||
| 260 |
_aCambridge, Mass., _bHarvard University press; _aLondon, _bW. Heinemann, ltd., _c1936-1976. |
||
| 300 |
_avolume ; _c17 cm |
||
| 490 | 0 |
_aLoeb Classical Library, [Greek authors] _v305-6 |
|
| 505 |
_gVol. 4 (1957, xiv, 553, 10 p.) : _t t Title 263 D-351 B _gVol. 5 (1957, xii, 515, 10 p.) : _t351 C-438 E |
||
| 546 | _aGreek and English on opposite pages | ||
| 650 | 1 | 4 |
_aEthics _vEarly works to 1800 |
| 700 | 1 |
_aBabbitt, Frank Cole, _d1867-1935, _etranslator |
|
| 700 | 1 |
_aFowler, Harold North, _d1859-1955 _etraslator |
|
| 942 |
_2udc _cBK _n0 |
||
| 999 |
_c540192 _d540192 |
||